000 01928nam a2200265 i 4500
005 20250329165423.0
007 ta
008 200622s2024 000 0 eng d
040 _aCO-CtgCURN
_bspa
_ccoctgcurn
_erda
082 0 _aCOP 2024
_bP438
100 1 _aPérez Morales, Daniel Enrique,
_eauthor.
_4aut
245 1 3 _aLa Importancia del revisor fiscal en las Pymes de la ciudad de Cartagena /
_cDaniel Enrique Pérez Morales; Jhon Mario García Berrio.
260 _aCartagena de Indias :
_bCorporación Universitaria Rafael Núñez,
_c2024.
300 _a51 hojas.
336 _atext
_btxt
_2rdacontent
337 _aunmediated
_bn
_2rdamedia
338 _avolume
_bnc
_2rdacarrier
502 _aTrabajo de grado (Contador público). Corporación Universitaria Rafael Núñez. Facultad de Ciencias Administrativas y Contables. Programa de Contaduría Pública, 2024.
520 8 _a"Según la Organización de las Naciones Unidas (ONU), el 90% de las empresas a nivel global son PYMES, lo cual destaca su presencia dominante en el tejido empresarial a nivel mundial (Organización de las Naciones Unidas, 2022). Estas empresas han generado más del 60% del empleo representando una fuente potencial de trabajo y el sustento económico para millones de personas. Además, contribuyen aproximadamente con el 50% del Producto Interno Bruto (PIB) mundial, destacándose no solo como impulsoras de economías locales, sino también como actores clave en el crecimiento y desarrollo económico a nivel global (ONU, 2022).."
650 0 _aContaduría pública
_xTesis y disertaciones académicas.
700 1 _aGarcía Berrio, Jhon Mario.
856 7 _uhttps://unicurn.sharepoint.com/:b:/s/biblioteca/ETlt57QVBTVFtcYn4x4GDLUBzWPJXUkFsVnSLhGl7Lw_jQ?e=c66FFW
_zClick para ver el recurso en texto completo
942 _2ddc
_aMHC
_bMHC
_cTG
_hCOP 2024
_iP438
999 _c3404
_d3404